[Event "Andalucia-chB"]
[Site "Algeciras"]
[Date "2018.05.19"]
[Round "3"]
[White "Montero Melendez, Juan"]
[Black "Ruiz Sanchez, Francisco I"]
[Result "1-0"]
[WhiteElo "1621"]
[BlackElo "1419"]
[PlyCount "75"]
[EventDate "2018.05.18"]
[EventType "swiss"]
[EventRounds "6"]
[EventCountry "ESP"]
[SourceTitle "EXT 2020"]
[Source "ChessBase"]
[SourceDate "2019.10.17"]
[SourceVersion "1"]
[SourceVersionDate "2019.10.17"]
[SourceQuality "1"]

1. e4 e5 2. f4 d5 3. exd5 e4 4. d3 Nf6 5. dxe4 Nxe4 6. Nf3 Bc5 7. Qe2 Bf2+ 8. Kd1 Qxd5+ 9. Nfd2 0-0 10. Qxe4 Qd7 11. Bd3 f5 12. Qf3 Bb6 13. Nc3 c6 14. Nc4 Bc7 15. Re1 Na6 16. Ne5 Bxe5 17. Rxe5 b6 18. Qe3 Qd6 19. Re7 Nc5 20. Qe5 Qg6 21. g3 Nxd3 22. cxd3 Ba6 23. Re6 Qg4+ 24. Qe2 Qxe2+ 25. Nxe2 Bxd3 26. Rd6 Ba6 27. Nc3 c5 28. Be3 Rfe8 29. Bf2 Re7 30. Bxc5 Rae8 31. Kc2 Rc7 32. Bb4 Re2+ 33. Rd2 Re8 34. Rad1 Rcc8 35. Rd7 Ra8 36. Rc7 Be2 37. Rdd7 Bh5 38. Rxg7+ 1-0

[Event "Andalucia-chB"]
[Site "Algeciras"]
[Date "2018.05.18"]
[Round "1"]
[White "Garcia Ruiz, Miguel Angel"]
[Black "Ruiz Sanchez, Francisco I"]
[Result "1/2-1/2"]
[WhiteElo "1680"]
[BlackElo "1419"]
[PlyCount "77"]
[EventDate "2018.05.18"]
[EventType "swiss"]
[EventRounds "6"]
[EventCountry "ESP"]
[SourceTitle "EXT 2020"]
[Source "ChessBase"]
[SourceDate "2019.10.17"]
[SourceVersion "1"]
[SourceVersionDate "2019.10.17"]
[SourceQuality "1"]

1. e4 e5 2. Nf3 Nc6 3. Bc4 Bc5 4. 0-0 Nf6 5. d4 Bxd4 6. Nxd4 Nxd4 7. Bg5 0-0 8. f4 d6 9. fxe5 dxe5 10. c3 Ne6 11. Bxe6 Qxd1 12. Bxf7+ Rxf7 13. Rxd1 Be6 14. Bxf6 Rxf6 15. Nd2 Raf8 16. Rf1 Rxf1+ 17. Nxf1 Rd8 18. Kf2 Bc4 19. Ke3 Kf8 20. Nd2 Rd3+ 21. Ke2 Rxc3+ 22. Nxc4 Rxc4 23. Kd3 Rd4+ 24. Ke3 Ke7 25. Rf1 g6 26. g4 c5 27. g5 c4 28. Rc1 b5 29. b3 a6 30. bxc4 Rxc4 31. Rxc4 bxc4 32. Kd2 Kd6 33. Kc3 Kc5 34. a4 Kb6 35. Kxc4 Kc6 36. Kb4 Kb6 37. h3 Kc6 38. a5 Kd6 39. Kc4 1/2-1/2